| 000 | 01358cad a22002175a 4500 | ||
|---|---|---|---|
| 001 | L143378 | ||
| 008 | 080430s2008 xxkd f s f000 0 eng u | ||
| 035 | _a(Sirsi) u143378 | ||
| 041 | _aeng | ||
| 050 | 0 | _a333.33 $2 18 | |
| 110 | 2 |
_aValuation Office Agency _93141 |
|
| 245 | 0 | 0 |
_aProperty market report _bJanuary 2008 _h[electronic resource] |
| 260 |
_aLondon _bVOA _c2008 |
||
| 505 | 2 | _aEconomic indicators -- Agricultural land and property -- Agricultural land forecasts -- Residential building land figures -- Residential building land forecasts -- Housing market -- Shopping centre yields -- Shops -- Offices -- Industry -- Industrial land -- City of London commentary -- Methodology -- Map of England and Wales Counties and government Regions | |
| 520 | _aThe January 2008 edition of this bi-annual report provides valuations for typical properties in all major property sectors across the UK, based on local market evidence. A commentary on the City of London's commercial property market covers floorspace and lettings, offices, retail, investment and sales, and planning and development. | ||
| 590 | _aKA NTK | ||
| 651 | 4 |
_aUnited Kingdom _y |
|
| 690 | _aPROPERTY-PROPERTY MARKET | ||
| 856 | 4 | 0 |
_uhttps://www.voa.gov.uk/publications/property_market_report/pmr_jan_08/index.htm _zView the report free of charge at www.voa.gov.uk... |
| 942 | _n0 | ||
| 999 |
_c108137 _d108137 |
||